000
00312nam a22001337a 4500
008
170512b xxu||||| |||| 00| 0 eng d
020
_a
0822309939
041
_a
eng
080
_a
94
100
_a
16
101
_a
SHH
245
_a
THE CULTURAL ORIGINS OF THE FRENCH REVOLUTION
_c
CHARTIER ,R
942
_2
udc
_c
BK
999
_c
13290
_d
13290